000 00711nam a2200241 a 4500
008
020 _a0443022690 (cased)
049 _aMAIN
090 _aRC685.A6
245 0 0 _aAngina pectoris /
_cedited by D.G. Julian.
250 _a2nd ed.
260 0 _aEdinburgh :
_bChurchill Livingstone,
_c1985.
300 _a233 p. :
_bill. ;
_c24 cm.
440 0 _aInternational seminars in cardiovascular medicine.
504 _aIncludes bibliographical references.
650 0 _aAngina pectoris.
700 1 0 _aJulian, Desmond G.
907 _a.b10130214
_b26-05-05
_c09-07-04
003
005 20230123133754.0
040 _cNUST
942 _cBOOKS
_kRC685.A6
999 _c154357
_d154357